000 00958 a2200217 4500
001 25228
005 20260407155536.0
008 260407a1991 arg spa d
003 AR-UNSa-BCEJYS
040 _aAR-UNSa-BCEJYS
_bspa
_cAR-UNSa-BCEJYS
080 _a336.745
_xCambio de monedas. Moneda extranjera
245 1 0 _aDerecho económico monetario
_pconvertibilidad, moneda extranjera y responsabilidad del estado.
020 _a950-14-0605-9
264 1 _aBuenos Aires :
_bDepalma
_c1991
300 _a207 p.
_c23 cm.
505 _a1. Aspectos generales, monetarios y cambiarios - 2. Convertibilidad - 3. La moneda extranjera en las relaciones internas - 4. La moneda extranjera en las relaciones internacionales - 5. Responsabilidad del estado.
942 _cBK
590 _aniveau_biblio:m niveau_hierar:0
100 1 _aGerscovich, Carlos Gustavo
856 4 1 _uhttps://biblioeco.unsa.edu.ar/pmb/images/libros/L58777.jpg
_yImagen de portada
_qimage/jpeg
999 _c1335
_d1335